Finish the Lyrics - 2020 Songs - Statistics

General Stats
  • This quiz has been taken 1,276 times
    1,275 since last reset
  • The average score is 4 of 10
Answer Stats
Hint Answer % Correct
"ROXANNE" – Arizona ZervasRoxanne, Roxanne All she wanna do is party all _______ Roxanne, Roxanne Never gonna love me, but it's alright night
87%
"Dance Monkey" – Tones and IThey say, "Oh my God, I see the way you shine" Take your hand, my dear, and place them both in _______ Ooh, I see you, see you, see you every time, and, oh, I, I, I, I, I, I mine
84%
"Watermelon Sugar" – Harry StylesTastes like ___________ on a summer evenin' And it sounds just like a song I want more watermelon Sugar, high strawberries
73%
"Blinding Lights" – The WeekndI said, ooh, I'm blinded by the lights No, I can't sleep until I feel your touch I said, ooh, I'm _______ in the night drowning
58%
The Box" – Roddy RicchPullin' out the coupe, pullin' out the lot Told 'em, "F*** 12, f*** SWAT" Bustin' all the bells out the box I just hit a lick with the box Had to put the _______ in the box stick
44%
"Don’t Start Now" – Dua LipaIf you don’t wanna see me Dancing with somebody If you wanna _______ that anything could stop me Don’t show up, don’t come out Don’t start it now believe
35%
"Rockstar" – DaBaby ft. Roddy RicchI been a rockstar since the day I was born I feel just like a _______ I don't even gotta hit the club, I can just walk in rockstar
19%
"Savage Love (Laxed – Siren Beat)" – Jawsh 685 & Jason DeruloIf I woke up without you, I don't know what I would do Thought I could be single for a while, but I couldn’t So I ____ you You got me feeling like a savage love need
6%
"Life Goes On" – BTSLife goes on, like an echo in the forest Like an arrow in the blue sky, yo, life goes on With no _______ reason
1%
"Say So" – Doja CatDidn't even notice, no punches left to _______ You got to keep me focused, you wanna say so If you really wanna say so, yeah waste
0%
No matching quizzes found
Score Distribution
Percent of People with Each Score
Percentile by Number Answered
Your Score History
You have not taken this quiz since the last reset